Kezdet és vég a világfolyamatban.
Elmentve itt :
| Szerző: | |
|---|---|
| Adatforrás: | Philobibl |
| Dokumentumtípus: | Könyv |
| Nyelv: | magyar |
| Megjelent: |
Bp.
Szent István-Társulat.
1907
|
| LEADER | 00311nam a2200109 c 4500 | ||
|---|---|---|---|
| 001 | bibDOK00024745 | ||
| 005 | 20200924121905.6 | ||
| 008 | 060518s1907 hu hun | ||
| 100 | 1 | |a Schütz Antal | |
| 245 | 1 | 0 | |a Kezdet és vég a világfolyamatban. |c Schütz Antal |
| 260 | |a Bp. |b Szent István-Társulat. |c 1907 | ||
| 300 | |a 167 p. p. | ||